[Event "Brescia Province-ch"]
[Site "Sarezzo"]
[Date "2014.02.02"]
[Round "5"]
[White "Cattaneo, Ugo"]
[Black "Brugaletta, Giorgio"]
[Result "1-0"]
[WhiteElo "1807"]
[BlackElo "1766"]
[PlyCount "93"]
[EventDate "2014.01.25"]
[EventType "swiss"]
[EventRounds "6"]
[EventCountry "ITA"]
[SourceTitle "EXT 2015"]
[Source "ChessBase"]
[SourceDate "2014.11.20"]
[SourceVersion "1"]
[SourceVersionDate "2014.11.20"]
[SourceQuality "1"]

1. e4 e6 2. d4 d5 3. Nd2 c5 4. c3 cxd4 5. cxd4 Nc6 6. Ngf3 Bb4 7. e5 Bd7 8. a3 Ba5 9. b4 Bb6 10. Nb3 Nge7 11. Bd3 h6 12. Bd2 a6 13. a4 0-0 14. g4 f5 15. exf6 Rxf6 16. g5 Rxf3 17. Qxf3 Qf8 18. Qxf8+ Rxf8 19. Nc5 Bxc5 20. dxc5 h5 21. 0-0 Ne5 22. Be2 Nf3+ 23. Bxf3 Rxf3 24. Kg2 Rd3 25. Be3 Nf5 26. b5 axb5 27. axb5 Bxb5 28. g6 Kf8 29. Bg5 Ke8 30. Rfb1 Bc6 31. Ra8+ Kd7 32. Rh8 e5 33. Rxh5 Ke6 34. Kf1 Rf3 35. Rh7 e4 36. Ke1 d4 37. h4 Rh3 38. Ke2 d3+ 39. Kd2 Rh2 40. Be3 Kf6 41. h5 Rg2 42. Rh1 Ke6 43. Rh8 Kf6 44. Rf8+ Ke6 45. Rf7 Bd5 46. Rxg7 Nxg7 47. h6 1-0

[Event "Provaglio op 30th"]
[Site "Provaglio"]
[Date "2013.12.06"]
[Round "5"]
[White "Brugaletta, Giorgio"]
[Black "Cattaneo, Ugo"]
[Result "1-0"]
[WhiteElo "1734"]
[BlackElo "1837"]
[PlyCount "71"]
[EventDate "2013.11.08"]
[EventType "swiss"]
[EventRounds "7"]
[EventCountry "ITA"]
[SourceTitle "EXT 2015"]
[Source "ChessBase"]
[SourceDate "2014.11.20"]
[SourceVersion "1"]
[SourceVersionDate "2014.11.20"]
[SourceQuality "1"]

1. Nf3 Nf6 2. g3 g6 3. Bg2 Bg7 4. 0-0 0-0 5. d4 d5 6. c3 c6 7. Nbd2 Bf5 8. Re1 Re8 9. Nh4 Bg4 10. h3 Bc8 11. e4 dxe4 12. Nxe4 Nxe4 13. Rxe4 e5 14. Qe1 f5 15. Re2 e4 16. Bh1 g5 17. Ng2 Na6 18. f4 gxf4 19. Nxf4 c5 20. d5 b5 21. Be3 c4 22. Rc1 Be5 23. Qd2 Bd6 24. Rg2 Bc5 25. Kh2 Bxe3 26. Qxe3 Qd6 27. Qd4 Nc5 28. Nh5 Re7 29. Re2 Nd3 30. Rf1 Qb6 31. Nf6+ Kh8 32. d6 Qxd4 33. dxe7 Qxf6 34. e8Q+ Kg7 35. Bxe4 Bb7 36. Qd7+ 1-0

[Event "Provaglio op 30th"]
[Site "Provaglio"]
[Date "2013.11.29"]
[Round "4"]
[White "Cattaneo, Ugo"]
[Black "Bresciani, Luca"]
[Result "1-0"]
[WhiteElo "1837"]
[BlackElo "1440"]
[PlyCount "47"]
[EventDate "2013.11.08"]
[EventType "swiss"]
[EventRounds "7"]
[EventCountry "ITA"]
[SourceTitle "EXT 2015"]
[Source "ChessBase"]
[SourceDate "2014.11.20"]
[SourceVersion "1"]
[SourceVersionDate "2014.11.20"]
[SourceQuality "1"]

1. e4 e5 2. Nf3 Nc6 3. Bc4 Bc5 4. b4 Bxb4 5. c3 Bc5 6. d4 exd4 7. 0-0 Nf6 8. cxd4 Bb6 9. e5 Ng8 10. Bg5 Nge7 11. d5 h6 12. Bh4 g5 13. Bg3 Nf5 14. dxc6 Nxg3 15. hxg3 bxc6 16. Nd4 Bb7 17. Nf5 d6 18. exd6 Kf8 19. d7 Bc8 20. dxc8Q Rxc8 21. Nc3 Qf6 22. Qf3 Ba5 23. Ne4 g4 24. Qa3+ 1-0

[Event "Provaglio op 27th"]
[Site "Provaglio"]
[Date "2010.11.26"]
[Round "5"]
[White "Brugaletta, Giorgio"]
[Black "Cattaneo, Ugo"]
[Result "1-0"]
[WhiteElo "1675"]
[BlackElo "1804"]
[PlyCount "67"]
[EventDate "2010.10.29"]
[EventType "swiss"]
[EventRounds "8"]
[EventCountry "ITA"]
[SourceTitle "EXT 2015"]
[Source "ChessBase"]
[SourceDate "2014.11.20"]
[SourceVersion "1"]
[SourceVersionDate "2014.11.20"]
[SourceQuality "1"]

1. d4 d5 2. c4 e6 3. Nc3 Nf6 4. Nf3 Nbd7 5. Bf4 c6 6. c5 Be7 7. e3 Nh5 8. Bg3 Nxg3 9. hxg3 Qc7 10. Qc2 h6 11. g4 e5 12. Nh4 e4 13. Nf5 Bf8 14. Be2 g6 15. Ng3 Nf6 16. 0-0-0 Nxg4 17. Bxg4 Bxg4 18. Rde1 h5 19. Nge2 Bh6 20. Kb1 0-0-0 21. Qa4 a6 22. Qb3 Bg5 23. Na4 h4 24. Nb6+ Kb8 25. Nc3 h3 26. gxh3 Bf3 27. a3 Bxh1 28. Rxh1 Rh4 29. Na2 Rdh8 30. Nb4 Rxh3 31. Rxh3 Rxh3 32. N6xd5 Rh1+ 33. Ka2 Qd7 34. Nxa6+ 1-0